[Event "LSS No Engine Cup 143 Preliminary 0"]
[Site "LSS email"]
[Date "2015.11.23"]
[Round "?"]
[White "Vio, Mauro"]
[Black "Van Dijk, Edgar"]
[Result "1-0"]
[WhiteElo "1889"]
[BlackElo "1600"]
[PlyCount "57"]
[EventDate "2015.11.24"]
[EventType "tourn (corr)"]
[EventRounds "6"]
[EventCountry "GER"]
[SourceTitle "Corr 2022"]
[Source "ChessBase"]
[SourceDate "2021.10.24"]
[SourceVersion "1"]
[SourceVersionDate "2021.10.24"]
[SourceQuality "1"]

1. d4 e6 2. e4 d5 3. exd5 exd5 4. Nf3 Bd6 5. Nc3 Nf6 6. Bd3 0-0 7. 0-0 Bg4 8. h3 Bxf3 9. Qxf3 c6 10. Be3 Nbd7 11. Rfe1 Qb6 12. Rab1 Rfe8 13. a3 Ne4 14. Nxe4 dxe4 15. Bxe4 Nf6 16. Bd3 Nd5 17. Bc4 Nf6 18. b4 Qc7 19. Bg5 Rxe1+ 20. Rxe1 Re8 21. Rxe8+ Nxe8 22. Bd3 h6 23. Be3 Qe7 24. c4 Nf6 25. b5 cxb5 26. c5 Bb8 27. Bxb5 a6 28. Ba4 Qe6 29. Qxb7 1-0

[Event "LSS No Engine Cup 143 Preliminary 0"]
[Site "LSS email"]
[Date "2015.11.23"]
[Round "?"]
[White "Wittlieb, Friedhelm"]
[Black "Van Dijk, Edgar"]
[Result "0-1"]
[WhiteElo "1120"]
[BlackElo "1600"]
[PlyCount "52"]
[EventDate "2015.11.24"]
[EventType "tourn (corr)"]
[EventRounds "6"]
[EventCountry "GER"]
[SourceTitle "Corr 2022"]
[Source "ChessBase"]
[SourceDate "2021.10.24"]
[SourceVersion "1"]
[SourceVersionDate "2021.10.24"]
[SourceQuality "1"]

1. e4 d6 2. Nf3 g6 3. Nc3 Bg7 4. Bb5+ c6 5. Bc4 Nf6 6. d3 0-0 7. 0-0 Bg4 8. Qe1 Bxf3 9. gxf3 e6 10. f4 d5 11. exd5 exd5 12. Bb3 Ng4 13. f3 Re8 14. Qg3 Qb6+ 15. Kg2 Bxc3 16. bxc3 Re2+ 17. Kh3 f5 18. c4 Rxh2+ 19. Qxh2 Nxh2 20. Kxh2 Qd4 21. Rb1 Nd7 22. Kg3 Re8 23. Bd2 Re2 24. Rfd1 Qf2+ 25. Kh3 Qxf3+ 26. Kh4 Qg4# 0-1

[Event "OP-2015-0-03875"]
[Site "LSS email"]
[Date "2015.11.21"]
[Round "?"]
[White "Van Dijk, Edgar"]
[Black "Osipov, Anatoly Vladimirovi"]
[Result "0-1"]
[WhiteElo "1137"]
[BlackElo "2288"]
[PlyCount "42"]
[EventDate "2015.11.17"]
[EventType "tourn (corr)"]
[EventRounds "4"]
[EventCountry "GER"]
[SourceTitle "Corr 2022"]
[Source "ChessBase"]
[SourceDate "2021.10.24"]
[SourceVersion "1"]
[SourceVersionDate "2021.10.24"]
[SourceQuality "1"]

1. Nf3 Nf6 2. c4 g6 3. b4 Bg7 4. Bb2 0-0 5. g3 c6 6. Bg2 a5 7. Qa4 d5 8. c5 b5 9. cxb6 Qxb6 10. a3 Ne4 11. d4 Bg4 12. Nbd2 axb4 13. Qxa8 Na6 14. Qxf8+ Kxf8 15. h3 Bxf3 16. Nxf3 bxa3 17. Bxa3 Qa5+ 18. Kf1 Qc3 19. Bxe7+ Kxe7 20. Rxa6 Bxd4 21. Kg1 Bxf2+ 0-1

[Event "IECC CL0-2015.00 email"]
[Site "IECC email"]
[Date "2015.11.21"]
[Round "?"]
[White "Van Dijk, Edgar"]
[Black "Slavin, Pablo"]
[Result "0-1"]
[WhiteElo "1153"]
[BlackElo "1287"]
[PlyCount "74"]
[EventDate "2015.10.29"]
[EventType "tourn (corr)"]
[EventRounds "4"]
[SourceTitle "Corr 2022"]
[Source "ChessBase"]
[SourceDate "2021.10.24"]
[SourceVersion "1"]
[SourceVersionDate "2021.10.24"]
[SourceQuality "1"]

1. Nf3 Nf6 2. c4 c5 3. g3 Nc6 4. Bg2 g6 5. 0-0 Bg7 6. Nc3 0-0 7. a3 d5 8. cxd5 Nxd5 9. Qc2 Nxc3 10. dxc3 Qc7 11. Bf4 e5 12. Be3 b6 13. Rac1 Bf5 14. Qa4 Rad8 15. Nh4 Bd7 16. Qc2 c4 17. Rfd1 Be6 18. Nf3 Na5 19. Ng5 Bf5 20. Qa4 Bd7 21. Qc2 Nb3 22. Rb1 Ba4 23. Rxd8 Rxd8 24. Qe4 h6 25. Nh3 f5 26. Qb7 Qxb7 27. Bxb7 Rd7 28. Bc8 Rd6 29. Ba6 Na5 30. f4 e4 31. Nf2 Rc6 32. b4 Nb3 33. b5 Rc7 34. Nd1 Na5 35. Nb2 Bb3 36. Bd4 Bxd4+ 37. cxd4 c3 0-1

[Event "RF-2015-0-00269"]
[Site "LSS email"]
[Date "2015.11.16"]
[Round "?"]
[White "Van Dijk, Edgar"]
[Black "Couspeyre, Thierry"]
[Result "1/2-1/2"]
[WhiteElo "1153"]
[BlackElo "1290"]
[PlyCount "91"]
[EventDate "2015.10.26"]
[EventType "tourn (corr)"]
[EventRounds "6"]
[EventCountry "GER"]
[SourceTitle "Corr 2022"]
[Source "ChessBase"]
[SourceDate "2021.10.24"]
[SourceVersion "1"]
[SourceVersionDate "2021.10.24"]
[SourceQuality "1"]

1. e4 c5 2. c3 d5 3. exd5 Qxd5 4. d4 Nc6 5. Nf3 Bg4 6. dxc5 Qxc5 7. Be3 Qd6 8. Qxd6 exd6 9. Nbd2 Nf6 10. Bd3 h6 11. 0-0-0 Nd5 12. Bd4 Nxd4 13. cxd4 Nb4 14. Rhe1+ Kd8 15. Be4 d5 16. Ne5 Be6 17. a3 dxe4 18. axb4 Bxb4 19. Kb1 a5 20. Rxe4 f6 21. Nc6+ bxc6 22. Rxe6 Kd7 23. Re3 Rhe8 24. Nc4 Rxe3 25. fxe3 Re8 26. Kc2 g5 27. Rf1 Ke6 28. e4 Rd8 29. e5 fxe5 30. dxe5 Rd4 31. b3 a4 32. Rf6+ Kd5 33. Nb6+ Kxe5 34. Rxc6 Rd2+ 35. Kc1 Rxg2 36. bxa4 Rxh2 37. Rc4 Bd2+ 38. Kd1 Be3 39. a5 g4 40. Rxg4 Kf5 41. Rg3 Bxb6 42. axb6 Rb2 43. Rf3+ Kg6 44. Rg3+ Kh7 45. Ke1 Rxb6 46. Kf2 1/2-1/2

[Event "ZL-2015-0-01771"]
[Site "LSS email"]
[Date "2015.11.15"]
[Round "?"]
[White "Shim Ng Min, Francis"]
[Black "Van Dijk, Edgar"]
[Result "0-1"]
[WhiteElo "1225"]
[BlackElo "1153"]
[PlyCount "54"]
[EventDate "2015.11.04"]
[EventType "match (corr)"]
[EventRounds "2"]
[EventCountry "GER"]
[SourceTitle "Corr 2022"]
[Source "ChessBase"]
[SourceDate "2021.10.24"]
[SourceVersion "1"]
[SourceVersionDate "2021.10.24"]
[SourceQuality "1"]

1. e4 e6 2. d4 d5 3. Nd2 Be7 4. Ngf3 Nf6 5. e5 Nfd7 6. c4 dxc4 7. Bxc4 Nb6 8. Bb3 c6 9. 0-0 Nd5 10. Ne4 Nd7 11. Bg5 f6 12. exf6 gxf6 13. Bh6 Bf8 14. Bxf8 Rxf8 15. Nd6+ Ke7 16. Nxc8+ Rxc8 17. Re1 Qe8 18. Rc1 Kd8 19. Qc2 Qg6 20. Qxg6 hxg6 21. Rxe6 Nf4 22. Re4 g5 23. Rd1 f5 24. Ree1 g4 25. Ng5 Kc7 26. g3 Nh3+ 27. Kg2 Nxg5 0-1

[Event "OP-2012-0-02020"]
[Site "LSS email"]
[Date "2012.02.05"]
[Round "?"]
[White "Van Dijk, Edgar"]
[Black "Rakus, Klaus Dieter"]
[Result "0-1"]
[WhiteElo "1134"]
[BlackElo "1638"]
[PlyCount "28"]
[EventDate "2012.01.20"]
[EventType "tourn (corr)"]
[EventRounds "4"]
[EventCountry "GER"]
[SourceTitle "Corr 2015"]
[Source "ChessBase"]
[SourceDate "2015.07.17"]
[SourceVersion "1"]
[SourceVersionDate "2015.07.17"]
[SourceQuality "1"]

1. e4 e5 2. Nf3 Nc6 3. Bc4 Bc5 4. c3 Nf6 5. d3 0-0 6. Bb3 d5 7. Qe2 dxe4 8. dxe4 Qe7 9. 0-0 Rd8 10. Be3 Nxe4 11. Nbd2 Nxd2 12. Nxd2 Nd4 13. cxd4 exd4 14. Qc4 dxe3 0-1

[Event "OP-2012-0-02020"]
[Site "LSS email"]
[Date "2012.01.24"]
[Round "?"]
[White "Ross, Charles"]
[Black "Van Dijk, Edgar"]
[Result "1-0"]
[WhiteElo "1249"]
[BlackElo "1134"]
[PlyCount "81"]
[EventDate "2012.01.20"]
[EventType "tourn (corr)"]
[EventRounds "4"]
[EventCountry "GER"]
[SourceTitle "Telechess CBM 153"]
[Source "ChessBase"]
[SourceDate "2013.03.14"]
[SourceVersion "1"]
[SourceVersionDate "2013.03.14"]
[SourceQuality "1"]

1. e4 e5 2. Bc4 Nc6 3. Nf3 Nf6 4. d3 d5 5. exd5 Nxd5 6. 0-0 Be7 7. Re1 Qd6 8. b3 Bg4 9. Bb2 0-0-0 10. Nc3 Ndb4 11. a3 Bxf3 12. gxf3 Na6 13. Bxa6 bxa6 14. Ne4 Qg6+ 15. Ng3 Bd6 16. Qe2 f6 17. Qe4 Kd7 18. Qf5+ Qxf5 19. Nxf5 Bf8 20. Rad1 g6 21. Ng3 Kc8 22. Ne4 f5 23. Nd2 Bd6 24. Nc4 Rhe8 25. b4 Nd4 26. Bxd4 exd4 27. Na5 Kd7 28. Nb7 Rxe1+ 29. Rxe1 Re8 30. Rxe8 Kxe8 31. Nxd6+ cxd6 32. Kg2 g5 33. Kg3 Kf7 34. f4 h6 35. fxg5 hxg5 36. h3 f4+ 37. Kg4 Kg6 38. h4 gxh4 39. Kxh4 Kf5 40. f3 d5 41. a4 1-0

[Event "RE-2011-0-00086"]
[Site "LSS email"]
[Date "2012.01.19"]
[Round "?"]
[White "Basson, Heinrich"]
[Black "Van Dijk, Edgar"]
[Result "1-0"]
[WhiteElo "1303"]
[BlackElo "1140"]
[PlyCount "43"]
[EventDate "2011.12.27"]
[EventType "tourn (corr)"]
[EventRounds "6"]
[EventCountry "GER"]
[SourceTitle "Telechess CBM 157"]
[Source "ChessBase"]
[SourceDate "2013.11.12"]
[SourceVersion "1"]
[SourceVersionDate "2013.11.12"]
[SourceQuality "1"]

1. d4 e6 2. c4 Bb4+ 3. Nc3 c5 4. a3 Bxc3+ 5. bxc3 d6 6. Nf3 Nc6 7. e3 Nf6 8. Be2 0-0 9. 0-0 e5 10. d5 Ne7 11. Qc2 Bf5 12. Qb2 Rb8 13. a4 Qa5 14. Nh4 Ne4 15. Nxf5 Nxf5 16. Bd3 Qxc3 17. Bxe4 Qxb2 18. Bxb2 Ne7 19. Bd3 f5 20. f3 e4 21. fxe4 fxe4 22. Bxe4 1-0

[Event "LSS No Engine Cup 14 Preliminary 6"]
[Site "LSS email"]
[Date "2010.01.07"]
[Round "?"]
[White "Tortosa, Horacio"]
[Black "Van Dijk, Edgar"]
[Result "1-0"]
[WhiteElo "1881"]
[BlackElo "1124"]
[PlyCount "53"]
[EventDate "2010.01.08"]
[EventType "tourn (corr)"]
[EventRounds "6"]
[EventCountry "GER"]
[SourceTitle "Telechess CBM 141"]
[Source "ChessBase"]
[SourceDate "2011.03.17"]
[SourceVersion "1"]
[SourceVersionDate "2011.03.17"]
[SourceQuality "1"]

1. f4 d6 2. Nf3 g6 3. e4 Bg7 4. c3 c5 5. Bb5+ Bd7 6. Bxd7+ Nxd7 7. d4 Ngf6 8. Qe2 cxd4 9. cxd4 0-0 10. Nc3 Qa5 11. Bd2 Qb4 12. Rb1 Qb6 13. e5 dxe5 14. fxe5 Nh5 15. g4 Nhf6 16. exf6 Nxf6 17. h3 Rad8 18. Be3 Nd5 19. Nxd5 Rxd5 20. 0-0 f5 21. g5 Rfd8 22. Rbc1 Kf8 23. Bf2 R8d7 24. Rfe1 Qa5 25. Rc8+ Rd8 26. Qxe7+ Kg8 27. Rc7 1-0

[Event "LSS No Engine Cup 14 Preliminary 6"]
[Site "LSS email"]
[Date "2010.01.07"]
[Round "?"]
[White "Van Dijk, Edgar"]
[Black "Bogric, Robert"]
[Result "1-0"]
[WhiteElo "1155"]
[BlackElo "891"]
[PlyCount "47"]
[EventDate "2010.01.08"]
[EventType "tourn (corr)"]
[EventRounds "6"]
[EventCountry "GER"]
[SourceTitle "Corr 2013"]
[Source "ChessBase"]
[SourceDate "2012.11.12"]
[SourceVersion "1"]
[SourceVersionDate "2012.11.12"]
[SourceQuality "1"]

1. e4 e6 2. d4 d5 3. e5 c5 4. c3 Nc6 5. Nf3 cxd4 6. cxd4 Nge7 7. Nbd2 g6 8. Be2 Bg7 9. 0-0 0-0 10. Nb3 b6 11. Bg5 Bb7 12. h4 f6 13. exf6 Bxf6 14. Bh6 Rf7 15. Ng5 Bxg5 16. Bxg5 Qf8 17. h5 Nf5 18. Qd3 a5 19. hxg6 hxg6 20. g4 Ng7 21. Qxg6 a4 22. Bd3 Rf3 23. Qh7+ Kf7 24. Bg6# 1-0

[Event "LSS RE-2009-0-00033"]
[Site "LSS email"]
[Date "2010.01.04"]
[Round "?"]
[White "Baticulon, Nestor"]
[Black "Van Dijk, Edgar"]
[Result "1-0"]
[WhiteElo "1353"]
[BlackElo "1156"]
[PlyCount "31"]
[EventDate "2009.10.26"]
[EventType "tourn (corr)"]
[EventRounds "6"]
[EventCountry "GER"]
[SourceTitle "Corr 2013"]
[Source "ChessBase"]
[SourceDate "2012.11.12"]
[SourceVersion "1"]
[SourceVersionDate "2012.11.12"]
[SourceQuality "1"]

1. e4 e5 2. Nf3 Nc6 3. Bc4 Nf6 4. Ng5 d5 5. exd5 Na5 6. Bb5+ c6 7. dxc6 bxc6 8. Bd3 h6 9. Ne4 Bg4 10. Nxf6+ gxf6 11. Qxg4 Rb8 12. a3 Bd6 13. Nc3 Ke7 14. b4 Nb7 15. Qf3 Qc7 16. Ne4 1-0

[Event "LSS RE-2009-0-00033"]
[Site "LSS email"]
[Date "2010.01.04"]
[Round "?"]
[White "Morcin, Tom"]
[Black "Van Dijk, Edgar"]
[Result "1-0"]
[WhiteElo "1633"]
[BlackElo "1156"]
[PlyCount "57"]
[EventDate "2009.10.26"]
[EventType "tourn (corr)"]
[EventRounds "6"]
[EventCountry "GER"]
[SourceTitle "Corr 2013"]
[Source "ChessBase"]
[SourceDate "2012.11.12"]
[SourceVersion "1"]
[SourceVersionDate "2012.11.12"]
[SourceQuality "1"]

1. e4 d6 2. d4 Nf6 3. Nc3 g6 4. f4 Bg7 5. Nf3 0-0 6. Bd3 Na6 7. 0-0 Bg4 8. h3 Bxf3 9. Qxf3 Nb4 10. e5 dxe5 11. dxe5 Nfd5 12. Nxd5 Qxd5 13. Be4 Qc4 14. b3 Qb5 15. a4 Qd7 16. Rd1 Qe8 17. Bxb7 Rb8 18. Qe4 c5 19. c3 f5 20. Qf3 Nc2 21. Ra2 Nb4 22. cxb4 cxb4 23. Be3 e6 24. Bxa7 Rxb7 25. Qxb7 Rf7 26. Qb8 Qxb8 27. Bxb8 Rf8 28. Bd6 Rd8 29. Rad2 1-0

[Event "LSS ZL-2009-0-00501"]
[Site "LSS email"]
[Date "2009.04.30"]
[Round "?"]
[White "Van Dijk, Edgar"]
[Black "D'Emilia, Jack"]
[Result "1-0"]
[WhiteElo "1193"]
[BlackElo "1434"]
[PlyCount "41"]
[EventDate "2009.04.22"]
[EventType "match (corr)"]
[EventRounds "2"]
[EventCountry "GER"]
[SourceTitle "Corr 2011"]
[Source "ChessBase"]
[SourceDate "2010.08.31"]
[SourceVersion "1"]
[SourceVersionDate "2010.08.31"]
[SourceQuality "1"]

1. e4 d6 2. f4 Nf6 3. Nc3 Bg4 4. Nf3 Nc6 5. Bb5 a6 6. Bxc6+ bxc6 7. d4 d5 8. e5 Ne4 9. Qd3 Nxc3 10. bxc3 e6 11. 0-0 Bf5 12. Qe2 c5 13. Ba3 c4 14. Bxf8 Kxf8 15. Rab1 h5 16. Ng5 c6 17. Rb7 f6 18. exf6 gxf6 19. Nxe6+ Bxe6 20. Qxe6 Qe8 21. Qxf6+ 1-0

[Event "LSS SE-2009-0-00019"]
[Site "LSS email"]
[Date "2009.04.19"]
[Round "?"]
[White "Van Dijk, Edgar"]
[Black "Tellore, Shyam Sundar"]
[Result "1-0"]
[WhiteElo "1226"]
[BlackElo "1087"]
[PlyCount "39"]
[EventDate "2009.01.20"]
[EventType "tourn (corr)"]
[EventRounds "6"]
[EventCountry "GER"]
[SourceTitle "Corr 2011"]
[Source "ChessBase"]
[SourceDate "2010.08.31"]
[SourceVersion "1"]
[SourceVersionDate "2010.08.31"]
[SourceQuality "1"]

1. e4 e5 2. Nc3 Nf6 3. f4 exf4 4. Nf3 d6 5. d4 Bg4 6. Bxf4 Nc6 7. Be2 Bxf3 8. Bxf3 Qe7 9. Qe2 Nxd4 10. Qd3 Nxf3+ 11. gxf3 0-0-0 12. 0-0-0 Qe6 13. Bg5 Be7 14. Rhg1 h6 15. Be3 g5 16. Bxa7 d5 17. exd5 Nxd5 18. Nxd5 b6 19. Qa6+ Kd7 20. Nf4+ 1-0

[Event "LSS BI-2009-P-00022"]
[Site "LSS email"]
[Date "2009.04.19"]
[Round "?"]
[White "Van Dijk, Edgar"]
[Black "Tingander, Ari Pekka"]
[Result "0-1"]
[WhiteElo "1226"]
[BlackElo "2229"]
[PlyCount "80"]
[EventDate "2009.04.20"]
[EventType "tourn (corr)"]
[EventRounds "10"]
[EventCountry "GER"]
[SourceTitle "Corr 2011"]
[Source "ChessBase"]
[SourceDate "2010.08.31"]
[SourceVersion "1"]
[SourceVersionDate "2010.08.31"]
[SourceQuality "1"]

1. e4 Nf6 2. Nc3 e5 3. Nf3 Nc6 4. d4 exd4 5. Nxd4 Bb4 6. a3 Bxc3+ 7. bxc3 Nxe4 8. Qe2 0-0 9. Qe3 Re8 10. Be2 Nf6 11. Qf4 Qe7 12. Be3 Nd5 13. Nxc6 dxc6 14. Qd4 Bf5 15. 0-0 Nxe3 16. fxe3 Qxe3+ 17. Qxe3 Rxe3 18. Rxf5 Rxe2 19. Rf2 Rxf2 20. Kxf2 Rd8 21. Ke2 f6 22. Rb1 b6 23. Rb4 Kf7 24. Rc4 c5 25. a4 g5 26. a5 f5 27. Ra4 b5 28. Ra1 a6 29. Rf1 Kf6 30. Rh1 f4 31. h3 Kf5 32. Rf1 h5 33. c4 b4 34. c3 bxc3 35. Rc1 Re8+ 36. Kf2 Re3 37. Rd1 Ke4 38. Rd7 c2 39. Re7+ Kd3 40. Rd7+ Kc3 0-1

[Event "LSS SE-2009-0-00019"]
[Site "LSS email"]
[Date "2009.04.16"]
[Round "?"]
[White "Van Dijk, Edgar"]
[Black "Gyongyosi, Peter Laszlo"]
[Result "0-1"]
[WhiteElo "1193"]
[BlackElo "1222"]
[PlyCount "84"]
[EventDate "2009.01.20"]
[EventType "tourn (corr)"]
[EventRounds "6"]
[EventCountry "GER"]
[SourceTitle "Corr 2011"]
[Source "ChessBase"]
[SourceDate "2010.08.31"]
[SourceVersion "1"]
[SourceVersionDate "2010.08.31"]
[SourceQuality "1"]

1. c4 e5 2. Nc3 Nf6 3. g3 g6 4. Bg2 Bg7 5. e3 0-0 6. Nge2 c6 7. d4 exd4 8. exd4 Re8 9. 0-0 d6 10. d5 c5 11. Bf4 Nh5 12. Qd2 Nd7 13. Rae1 Nxf4 14. Qxf4 Ne5 15. Kh1 Nd3 16. Qd2 Nxe1 17. Rxe1 Bxc3 18. Qxc3 Qd7 19. Nf4 Rxe1+ 20. Qxe1 b6 21. Bh3 f5 22. Qe3 Ba6 23. Qc3 Re8 24. Ne6 Rxe6 25. dxe6 Qxe6 26. b3 Qe4+ 27. Kg1 Bb7 28. Kf1 Bc6 29. Qd2 Qh1+ 30. Ke2 Bf3+ 31. Ke3 Bg4 32. Qd5+ Qxd5 33. cxd5 Bxh3 34. Kd3 Kf7 35. Kc4 Bf1+ 36. Kc3 g5 37. b4 b5 38. a3 Bc4 39. bxc5 dxc5 40. a4 a6 41. f3 Bxd5 42. h3 Bxf3 0-1

[Event "LSS OP-2009-0-00813"]
[Site "LSS email"]
[Date "2009.04.15"]
[Round "?"]
[White "Parry, Andrew"]
[Black "Van Dijk, Edgar"]
[Result "1-0"]
[WhiteElo "1616"]
[BlackElo "1226"]
[PlyCount "54"]
[EventDate "2009.04.11"]
[EventType "tourn (corr)"]
[EventRounds "4"]
[EventCountry "GER"]
[SourceTitle "Corr 2011"]
[Source "ChessBase"]
[SourceDate "2010.08.31"]
[SourceVersion "1"]
[SourceVersionDate "2010.08.31"]
[SourceQuality "1"]

1. e4 Nc6 2. Nf3 d6 3. d4 Nf6 4. Nc3 Bg4 5. Be3 e5 6. d5 Ne7 7. h3 Bxf3 8. Qxf3 Ng6 9. h4 h5 10. Bb5+ Nd7 11. g3 a6 12. Bf1 Nf6 13. Bh3 c5 14. dxc6 bxc6 15. 0-0-0 Qc7 16. Qe2 Be7 17. Qc4 0-0 18. Bf5 Nh8 19. f3 g6 20. Bh3 Rfc8 21. Bxc8 Qxc8 22. Bg5 Kg7 23. g4 hxg4 24. fxg4 Qb7 25. h5 Nxg4 26. Bxe7 Qxe7 27. Qxc6 Nf2 1-0

[Event "LSS OP-2009-0-00813"]
[Site "LSS email"]
[Date "2009.04.15"]
[Round "?"]
[White "Van Dijk, Edgar"]
[Black "Navajas, Joaquin"]
[Result "0-1"]
[WhiteElo "1179"]
[BlackElo "800"]
[PlyCount "109"]
[EventDate "2009.04.11"]
[EventType "tourn (corr)"]
[EventRounds "4"]
[EventCountry "GER"]
[SourceTitle "Corr 2011"]
[Source "ChessBase"]
[SourceDate "2010.08.31"]
[SourceVersion "1"]
[SourceVersionDate "2010.08.31"]
[SourceQuality "1"]

1. e4 e6 2. d4 d5 3. Nd2 Nc6 4. c3 e5 5. exd5 Qxd5 6. Qc2 exd4 7. Bc4 Qe5+ 8. Ne2 Bf5 9. Qb3 0-0-0 10. Nf3 Qe7 11. cxd4 Na5 12. Qb5 Nxc4 13. Qxf5+ Kb8 14. Qc2 Qb4+ 15. Nd2 Nb6 16. 0-0 Nf6 17. Nb3 Qc4 18. Qxc4 Nxc4 19. Nd2 Nb6 20. Nf3 Ne4 21. Ne5 Nd6 22. Nc3 f6 23. Nf3 Nf5 24. Be3 Nc4 25. Nd1 Bd6 26. b3 Nb6 27. Nd2 c6 28. Nc4 Bc7 29. Ndb2 Rhe8 30. Rfe1 Nd5 31. Bd2 Nxd4 32. Rxe8 Rxe8 33. Kf1 Kc8 34. Re1 Rxe1+ 35. Kxe1 h5 36. h4 Nf4 37. Bxf4 Bxf4 38. Nd3 Bc7 39. Kd2 Nf5 40. g3 Nd6 41. Nxd6+ Bxd6 42. Nf4 Bxf4+ 43. gxf4 Kd7 44. Kd3 Ke6 45. Ke4 f5+ 46. Kd4 Kd6 47. a3 c5+ 48. Kc4 a6 49. a4 b6 50. f3 Kc6 51. Kd3 Kd5 52. Kc3 b5 53. axb5 axb5 54. Kd3 b4 55. Ke3 0-1

[Event "LSS RF-2009-0-00028"]
[Site "LSS email"]
[Date "2009.03.14"]
[Round "?"]
[White "Van Dijk, Edgar"]
[Black "Goti, Javier"]
[Result "1-0"]
[WhiteElo "1193"]
[BlackElo "983"]
[PlyCount "57"]
[EventDate "2009.01.30"]
[EventType "tourn (corr)"]
[EventRounds "6"]
[EventCountry "GER"]
[SourceTitle "Corr 2011"]
[Source "ChessBase"]
[SourceDate "2010.08.31"]
[SourceVersion "1"]
[SourceVersionDate "2010.08.31"]
[SourceQuality "1"]

1. e4 c5 2. Nf3 d6 3. c3 Nf6 4. d4 cxd4 5. cxd4 Nxe4 6. Bd3 d5 7. Qe2 Nc6 8. Bxe4 dxe4 9. Qxe4 e6 10. Nc3 Be7 11. Bf4 f5 12. Qe3 Qa5 13. 0-0 0-0 14. Ng5 Bf6 15. Nf3 Nb4 16. Rfc1 Bd7 17. Ne5 Nd5 18. Qg3 Nxf4 19. Qxf4 g5 20. Qe3 Qc7 21. Nd5 Qd6 22. Nxf6+ Rxf6 23. Qxg5+ Rg6 24. Nxg6 hxg6 25. Qxg6+ Kf8 26. Qf6+ Ke8 27. Rc3 Bc6 28. Rh3 Qe7 29. Rh8+ 1-0

[Event "IECG TG-2009-0-15916"]
[Site "IECG email"]
[Date "2009.03.08"]
[Round "1"]
[White "Handrich, Edward"]
[Black "Van Dijk, Edgar"]
[Result "0-1"]
[WhiteElo "1200"]
[BlackElo "1195"]
[PlyCount "64"]
[EventDate "2009.03.08"]
[EventType "tourn (corr)"]
[EventRounds "6"]
[SourceTitle "Corr 2024"]
[Source "ChessBase"]
[SourceDate "2023.10.19"]
[SourceVersion "1"]
[SourceVersionDate "2023.10.19"]
[SourceQuality "1"]

1. e4 d6 2. Nc3 e5 3. Nf3 Nf6 4. Bb5+ c6 5. Ba4 Be7 6. Nd5 b5 7. Bb3 cxd5 8. exd5 Bg4 9. 0-0 e4 10. d3 exf3 11. gxf3 Bh3 12. Re1 0-0 13. Re3 Nh5 14. c4 Bg5 15. f4 Nxf4 16. cxb5 Qd7 17. Ba4 Bg4 18. f3 Nh3+ 19. Kg2 Bxe3 20. fxg4 Nf4+ 21. Kf3 Bxc1 22. Rxc1 Nxd5 23. Bb3 Qb7 24. Ke4 Nc3+ 25. Kd4 Nxd1 26. Bxd1 Qxb5 27. Ke3 Re8+ 28. Kd2 Na6 29. a4 Qb4+ 30. Rc3 Rac8 31. g5 Rxc3 32. h4 Rcc8# 0-1

[Event "LSS RF-2009-0-00028"]
[Site "LSS email"]
[Date "2009.03.08"]
[Round "?"]
[White "Van Dijk, Edgar"]
[Black "Ruslin, Alexey"]
[Result "1-0"]
[WhiteElo "1193"]
[BlackElo "976"]
[PlyCount "57"]
[EventDate "2009.01.30"]
[EventType "tourn (corr)"]
[EventRounds "6"]
[EventCountry "GER"]
[SourceTitle "Corr 2011"]
[Source "ChessBase"]
[SourceDate "2010.08.31"]
[SourceVersion "1"]
[SourceVersionDate "2010.08.31"]
[SourceQuality "1"]

1. e4 c6 2. d4 d5 3. f3 dxe4 4. fxe4 e5 5. Nf3 Be6 6. Nc3 Bb4 7. a3 Ba5 8. Be3 exd4 9. Bxd4 Nf6 10. b4 Bb6 11. Ng5 Bxd4 12. Qd3 Bxc3+ 13. Qxc3 Qe7 14. Nxe6 Qxe6 15. 0-0-0 0-0 16. Bd3 Nbd7 17. Rhe1 Rfe8 18. Bc4 Qe5 19. Rd4 Qf4+ 20. Kb2 Ne5 21. Bb3 Qxh2 22. Rdd1 Qxg2 23. Rg1 Qxe4 24. Rde1 Qf5 25. Ref1 Qd7 26. Rxf6 Rad8 27. Rxf7 Nd3+ 28. cxd3 Re2+ 29. Kc1 1-0

[Event "LSS RF-2009-0-00027"]
[Site "LSS email"]
[Date "2009.03.02"]
[Round "?"]
[White "Reede, Arvo"]
[Black "Van Dijk, Edgar"]
[Result "1/2-1/2"]
[WhiteElo "758"]
[BlackElo "1193"]
[PlyCount "90"]
[EventDate "2009.01.15"]
[EventType "tourn (corr)"]
[EventRounds "6"]
[EventCountry "GER"]
[SourceTitle "Corr 2011"]
[Source "ChessBase"]
[SourceDate "2010.08.31"]
[SourceVersion "1"]
[SourceVersionDate "2010.08.31"]
[SourceQuality "1"]

1. e4 d6 2. d4 Nd7 3. Nf3 e5 4. d5 Ngf6 5. Bd3 Be7 6. c4 c5 7. Nc3 0-0 8. 0-0 Re8 9. a3 Nf8 10. Bg5 Nxd5 11. exd5 Bg4 12. Bxe7 Qxe7 13. Be2 Ng6 14. h3 Bd7 15. b4 b6 16. b5 f5 17. a4 Nf4 18. a5 Nxe2+ 19. Qxe2 Qf6 20. Qc2 e4 21. Nh2 Qg6 22. a6 f4 23. Kh1 Re5 24. Rae1 Rae8 25. Qc1 e3 26. fxe3 Rxe3 27. Rxe3 Rxe3 28. Rxf4 Qd3 29. Qf1 Qxf1+ 30. Nxf1 Rxc3 31. Kg1 Rd3 32. Kf2 Rd4 33. Ke3 Rd1 34. Ng3 Ra1 35. Nf5 Bxf5 36. Rxf5 Ra3+ 37. Kf2 Ra2+ 38. Kg3 Re2 39. Rf4 Re5 40. Kf3 Re1 41. Re4 Rxe4 42. Kxe4 g6 43. h4 h6 44. g4 Kg7 45. g5 h5 1/2-1/2

[Event "LSS ZL-2009-0-00470"]
[Site "LSS email"]
[Date "2009.02.26"]
[Round "?"]
[White "Tellore, Shyam Sundar"]
[Black "Van Dijk, Edgar"]
[Result "1-0"]
[WhiteElo "1097"]
[BlackElo "1193"]
[PlyCount "61"]
[EventDate "2009.02.12"]
[EventType "match (corr)"]
[EventRounds "2"]
[EventCountry "GER"]
[SourceTitle "Corr 2011"]
[Source "ChessBase"]
[SourceDate "2010.08.31"]
[SourceVersion "1"]
[SourceVersionDate "2010.08.31"]
[SourceQuality "1"]

1. e4 e5 2. Nf3 Nf6 3. Nc3 Nc6 4. Bc4 d6 5. h3 Be7 6. 0-0 Be6 7. d3 0-0 8. Nd5 Na5 9. Nxf6+ Bxf6 10. Bb3 Nxb3 11. axb3 g6 12. Nh2 Bg7 13. f4 f5 14. fxe5 dxe5 15. exf5 Rxf5 16. Be3 Qf6 17. Qe2 a6 18. Rf2 Rxf2 19. Qxf2 Rf8 20. Rf1 Qe7 21. Nf3 e4 22. Bc5 Qf7 23. Bxf8 exf3 24. Bxg7 Kxg7 25. Qd4+ Kg8 26. Rxf3 Qd7 27. Qf6 Qc8 28. Re3 Bf7 29. Re7 Qf8 30. Rd7 Be8 31. Qxf8+ 1-0